000 00574nam a22001697a 4500
003 OSt
008 260626b |||||||| |||| 00| 0 eng d
020 _a9788170196167
082 _a631.521
_bL19P
100 _aLal, Shankar
245 _aPrinciples and Practices of Seed Production of Vegetables Crops /by Shankar Lal...[et al.]
260 _aDelhi :
_bToday & Tomorrow Printers and Publishers,
_c2018.
300 _axxxi, 330 p.
650 _a Technology (Applied Sciences) | Agriculture and Related Technologies | Seeds
700 _aLal, Shankar
942 _2ddc
_cBK
999 _c52363
_d52363